000 00366nam a2200157Ia 4500
008 160316s1996 xxu||||| |||| 00| 0 eng d
082 _a346.066000
_bBHA
100 _aBhandari
245 _aGuide to company law problems part. I
250 _a
260 _aNagpur
_bWadhwa & Co.
_c1996
300 _a1442
_b
_c
365 _b1190/-
650 _a
700 _a
_a
999 _c11791
_d11791